| 000 | 00479nam a2200169Ia 4500 | ||
|---|---|---|---|
| 008 | 230711s9999||||xx |||||||||||||| ||und|| | ||
| 020 | _a978-81-265-1885-2 | ||
| 041 | _aENG | ||
| 082 |
_a658.15 _bDA-D |
||
| 100 | _aDamodaran,Aswath | ||
| 245 | 0 | _aDamodaran on valuation : Security analaysis for investment and corporate finance | |
| 250 | _a2nd Ed. | ||
| 260 |
_c2006 _aNew Delhi _bWiley India Pvt.Ltd |
||
| 300 | _a685p. | ||
| 650 | _aUNIVESITY BUSNIESS SCHOOL | ||
| 942 | _cBK | ||
| 999 |
_c6413 _d6413 |
||